000 00509cam a2200193ua 4500
020 _a0-7131-3573-5
_cBP 5.25
041 _aeng
_h
082 _a532.01624
_bFRA/CI
100 _aFrancis, J R D .
245 _aCivil engineering hydraulics /
_cJ R D Francis.
_hTextual Documents
260 _a :
_bArnold International Student Edition ,
_c1986.
300 _a387 ; .
365 _aBP 5.25
504 _a
700 1 _aMintan, P .
942 _cBK
999 _c1495
_d1495